Statistics for Topscorers, Most Assists And Most Clean Sheet In The Last 5 Years Of The Eredivisie

Click here to take the quiz!

General Stats

  • This quiz has been taken 97 times
  • The average score is 7 of 13

Answer Stats

#GoalsPlayer% Correct
Clean Sheets2013/14AFC Ajax14Jasper Cillessen
84%
Topscorer2015/16AZ27Vincent Janssen
83%
Topscorer2014/15PSV22Memphis Depay
82%
Topscorer2012/13Vitesse31Wilfried Bony
80%
Clean Sheets2012/13AFC Ajax13Kenneth Vermeer
72%
Topscorer2013/14SC Heerenveen29Alfred Finnbogason
64%
Topscorer2011/12SC Heerenveen32Bas Dost
58%
Assists2014/15FC Twente15Hakim Ziyech
58%
Assists2013/14FC Twente15Dusan Tadic
51%
Clean Sheets2011/12AZ Alkmaar15Esteban
39%
Assists2012/13PSV17Dries Mertens
25%
Assists2015/16ADO Den Haag14Édouard Duplan
19%
Assists2011/12Heracles Almelo22Luciano Narsingh
13%

Score Distribution

Percentile by Number Answered

Percent of People with Each Score

Your Score History

You have not taken this quiz